00951nam a2200253 a 450000500170000000800410001701000140005802000110007203500130008303700150009604000180011108200130012910000220014224501120016426000490027627000900032530000330041550000190044865000190046770000220048694200270050899900170053595201450055220090808141642.0930617s1993 txua 001 0 eng  aENG-94681 c360.00 aEN-78214 bDBAD / PUB adplbEnglish  a346.5407 aMaheshwari, S.N.  aBusiness law and regulation:cby S.N. Maheshwari [and] S.K. Maheshwari b[for MBA JNTU and similar courses] aNew Delhi bHimalaya Publishing House c2008 aPooja Apartments, 4-B, Murari Lal Street, Ansari Road, Daryaganj,bNew Delhi e110002 aVarious pagings c26cm(pbk)  aIncludes index aCommercial law aMaheshwari, S.K.  2ddccENh346.5407mBUS c29031d29031 00102ddc40718NFICaDBADbDBADd2009-08-08eDBAD / PUBg360.00l0o346.5407 MAHpEN-78214r2009-08-08 00:00:00t1v360.00w2009-08-08yEN